• 首页
  • 本馆介绍
  • 公告通知
  • 最新文献
  • 馆藏检索
  • 电子资源
  • 读者导购
  • 参考咨询
  • 我的图书馆
  • 登录
  • 详细信息显示
  • 放入我的书架
  • 预约/预借图书
  • 作者相关作品
  • 分类相关作品
  • 丛书相关作品
  • 出版社相关作品

书目信息

  • 表格格式
  • 工作单格式
  • 卡片格式
题名:
卡德尔回忆录
    
 
作者: Kardelj , 卡德尔 著 ;李代军 译
分册:  
出版信息: 北京   新华出版社  1981
页数: 335页
开本: 21cm
丛书名:
单 册:
中图分类: K835.437.5 , K543.06
科图分类:
主题词: 南欧--历史
电子资源:
ISBN:
000 00788nam0 2200277 45
001 0181010055
005 20060424162701.14
010    @dCNY1.10
091    @a11203.016
100    @a19950411d1981 em y0chiy0121 ea
101 1  @achi
102    @aCN@b110000
105    @af z 000ya
200 10 @a卡德尔回忆录@Aka de er hui yi lu@e1944-1957@f(南斯拉夫)E·卡德尔著@F(nan si la fu)E·ka de er zhu@g李代军等译
210    @a北京@c新华出版社@d1981
215    @a335页@c照片@d21cm
600  1 @a卡德尔@bE.@x回忆录
606 0  @a南欧@x历史
690    @aK835.437.5@v3
690    @aK543.06
701 A1 @aKardelj@bE.@4著
701  1 @a卡德尔@Aka de er@bE.@4著
702  0 @a李代军@Ali dai jun@4译
801  2 @aCN@bNLC@c20060424
801  0 @aCN@b上海图书馆@c20040512
905    @dK543.06@e1
    
    卡德尔回忆录:1944-1957/(南斯拉夫)E·卡德尔著/李代军等译.-北京:新华出版社,1981
    335页:照片;21cm
    
    
    ISBN :CNY1.10
    
●
相关链接 在E读中查询图书 在五车中查询图书 在当当中查询图书 在豆瓣中查询图书


正题名:卡德尔回忆录     索取号:K543.06/1         预约/预借

序号 登录号 条形码 馆藏地/架位号 状态 备注
1 0073831   202282145   密集书库/ [索取号:K543.06/1] 在馆    
2 0073832   001394636   第二借阅区/ [索取号:K543.06/1] 在馆    
3 0073833   001394672   第二样本阅览室/ [索取号:K543.06/1] 在馆    
唐山师范学院图书馆 欢迎您!
大连网信软件有限公司© 版权所有